• 首页
  • 本馆介绍
  • 公告通知
  • 最新文献
  • 馆藏检索
  • 电子资源
  • 读者导购
  • 参考咨询
  • 我的图书馆
  • 登录
  • 详细信息显示
  • 放入我的书架
  • 预约/预借图书
  • 作者相关作品
  • 分类相关作品
  • 丛书相关作品
  • 出版社相关作品

书目信息

  • 表格格式
  • 工作单格式
  • 卡片格式
题名:
雄才大略忽必烈
    
 
作者: 水木年华 编著
分册:  
出版信息: 郑州   郑州大学出版社  2018
页数: 252页
开本: 24cm
丛书名:
单 册:
中图分类: K827=47 , K827
科图分类:
主题词:
电子资源:
ISBN: 978-7-5645-5294-7
000 00819nam0 2200241 450
001 2332023329
005 20231110144312.92
010    @a978-7-5645-5294-7@dCNY58.00
100    @a20181129d2018 em y0chiy50 ea
101 0  @achi
102    @aCN@b410000
105    @aa z 000yd
200 1  @a雄才大略忽必烈@Axiong cai da lve hu bi lie@f水木年华编著
210    @a郑州@c郑州大学出版社@d2018
215    @a252页@c图@d24cm
300    @a“开国帝王”系列
330    @a本书从成吉思汗留下的基业写起,直到忽必烈去世后元成宗继位,前后涉及近百年的历史。书中对元世祖忽必烈进行了全方位的深入研究,对忽必烈的一生做了全面系统的介绍。
600  0 @a忽必烈@f(1215-1294)@x评传
690    @aK827=47@v5
690    @aK827@v4
701  0 @a水木年华@Ashui mu nian hua@4编著
801  0 @aCN@b安徽时代@c20230923
905    @aBZT@dK827@e426
    
    雄才大略忽必烈/水木年华编著.-郑州:郑州大学出版社,2018
    252页:图;24cm
    “开国帝王”系列
    
    ISBN 978-7-5645-5294-7:CNY58.00
    本书从成吉思汗留下的基业写起,直到忽必烈去世后元成宗继位,前后涉及近百年的历史。书中对元世祖忽必烈进行了全方位的深入研究,对忽必烈的一生做了全面系统的介绍。
●
相关链接 在五车中查询图书 在当当中查询图书 在豆瓣中查询图书


正题名:雄才大略忽必烈     索取号:K827/426         预约/预借

序号 登录号 条形码 馆藏地/架位号 状态 备注
1 2000920069   2000920069   第四书库/四032架A面6层5列/ [索取号:K827/426] 在馆    
2 2000920070   2000920070   第四书库/四032架A面6层5列/ [索取号:K827/426] 在馆    
3 2000920071   2000920071   第四书库/四032架A面6层5列/ [索取号:K827/426] 在馆    
4 2000920072   2000920072   第四书库/四032架A面6层5列/ [索取号:K827/426] 在馆    
5 2000920073   2000920073   第四书库/四032架A面6层5列/ [索取号:K827/426] 在馆    
6 2000920074   2000920074   第四书库/四032架A面6层5列/ [索取号:K827/426] 在馆    
山东省滨州职业学院图书馆 欢迎您!
大连网信软件有限公司© 版权所有